| 000 | 00342nam a2200133Ia 4500 | ||
|---|---|---|---|
| 008 | 231221s9999 xx 000 0 und d | ||
| 020 | _a978-1-84800-017-9 | ||
| 041 | _aEnglish | ||
| 100 | _aAxel Simon | ||
| 245 | 0 | _aValue-Range Analysis of C Programs | |
| 260 |
_c2008 _bSpringer US _aNew York |
||
| 650 | _aComputer Science | ||
| 942 | _cEB | ||
| 999 |
_c219076 _d219076 |
||